حلف شمال الأطلنطي : (Record no. 15674)
[ view plain ]
| 000 -الفاتح | |
|---|---|
| حقل البيانات ثابتة الطول | 00889nam a22001817a 4500 |
| 008 - عناصر البيانات ثابتة الطول - معلومات عامة | |
| حقل البيانات ثابتة الطول | 110711s1964 ua|||||| ||| 00| 0 arad |
| 082 ## - رقم تصنيف ديوى العشرى | |
| رقم الطبعة | 22 |
| رقم التصنيف | 355.031 |
| رقم المادة | ل و ي |
| 100 ## - المدخل الرئيسى - إسم شخصى | |
| 9 (RLIN) | 26269 |
| الإسم الشخصى | لوينستين، ه |
| 245 ## - بيان العنوان | |
| العنوان | حلف شمال الأطلنطي : |
| بقية العنوان | والدفاع عن الغرب / |
| بيان المسئوليه,etc | تأليف ه. لوينستين؛ ترجمة وتعليق محمد طلعت حسن علي |
| 246 ## - العنوان الموازى | |
| عنوان صحيح/عنوان مختصر | NATO and the Defense of the West |
| 260 ## - PUBLICATION, DISTRIBUTION, ETC. (IMPRINT) | |
| مكان الناشر او الموزع | القاهرة : |
| اسم الناشر او الموزع | مكتبة الأنجلو المصرية، [1964?] |
| تاريخ النشر أو التوزيع | [1964?] |
| 300 ## - الوصف المادى | |
| التعداد | 302 ص : |
| تفاصيل ماديه اخرى للوعاء | صور ؛ |
| أبعاد الوعاء | 24 cm. |
| 650 ## - المدخل الاضافى بالموضوع-مصطلح موضوعى | |
| 9 (RLIN) | 26270 |
| مصطلح موضوعي أو اسم جغرافي كعنصر مدخل | حلف الأطلنطي |
| 653 ## - مصطلح تكشيفى غير مقيد | |
| Resource For college | |
| Arrived date list | July2011 |
| 700 ## - المدخل الاضافى - اسم شخصى | |
| 9 (RLIN) | 26268 |
| الإسم الشخصى | علي، محمد طلعت حسن |
| الدور | ترجمة وتعليق |
| 942 ## - عناصر المدخل الإضافي( كوها) | |
| مصدر التصنيف او مخطط الترفيف | Dewey Decimal Classification |
| Koha [default] item type | Book - Borrowing |
| حالة التراجع | حالة الفقد | مصدر التصنيف او خطة الترفيف | حالة تلف | ليس للاعارة | مجموعات كوها | المكان الدائم | المكان الحالي | موقع الترفيف | تاريخ الاكتساب | Source of acquisition | رقم الاستدعاء | الباركود | Date last seen | مُعار | نوع الوعاء |
|---|---|---|---|---|---|---|---|---|---|---|---|---|---|---|---|
| Dewey Decimal Classification | Alef-Baa | Central Library | Central Library | First floor | 11/07/2011 | 355.031 ل و ي | 000024334 | 15/07/2025 | 16/02/2013 | Book - Borrowing |